Záhada masakry v Katyni
| Hlavný autor: | |
|---|---|
| Ďalší autori: | |
| Médium: | Kniha |
| Jazyk: | slovenčina nemčina poľština ruština angličtina |
| Fyzický popis: | 288 strán faksimile, fotografie, tabuľky 22 cm |
| Vydavateľské údaje: |
[Kežmarok]
Torden
2021
|
| ISBN: | 9788082230614 |
| Vydanie: | Vydanie I. |
| Predmet: |
MARC
| LEADER | 00000cam a2200000 4500 | ||
|---|---|---|---|
| 001 | vtls012075205 | ||
| 003 | SK-MaSNL | ||
| 005 | 20260301150715.0 | ||
| 008 | 211027s2021 xo hol grn 001 0dslo | ||
| 015 | |a SNBA2023/05 | ||
| 020 | |a 9788082230614 |q (viazané) | ||
| 040 | |a SNK |b slo |c SNK |e rda | ||
| 041 | 1 | |a slo |a ger |a pol |a rus |h eng | |
| 043 | |a e-ur--- |a e-pl--- | ||
| 044 | |a xo |c SK | ||
| 072 | 7 | |a 94(47) |x Dejiny krajín východnej Európy |2 konspekt | |
| 072 | 7 | |a 341 |x Medzinárodné právo |2 konspekt | |
| 080 | |a 94(437+470)"1940" |2 2011 | ||
| 080 | |a 341.322.5 |2 2011 | ||
| 080 | |a 355.1-058.65 |2 2011 | ||
| 080 | |a (47+57) |2 2011 | ||
| 080 | |a (438) |2 2011 | ||
| 080 | |a (0:82-96) |2 2011 | ||
| 080 | |a 94(100)"1939/1945" |2 2011 | ||
| 080 | |a 355.48(100)"1939/1945" |2 2011 | ||
| 100 | 1 | |a Furr, Grover, |d 1944- |4 aut |9 508330 | |
| 240 | 1 | 4 | |a The Mystery of the Katyn Massacre: The Evidence, the Solution |l Slovensky |
| 245 | 1 | 0 | |a Záhada masakry v Katyni |c Grover Furr ; preklad: Martin Smolinský |
| 250 | |a Vydanie I. | ||
| 264 | 1 | |a [Kežmarok] |b Torden |c 2021 | |
| 300 | |a 288 strán |b faksimile, fotografie, tabuľky |c 22 cm | ||
| 336 | |a text |b txt |2 rdacontent | ||
| 337 | |a bez média |b n |2 rdamedia | ||
| 338 | |a zväzok |b nc |2 rdacarrier | ||
| 500 | |a Miesto vydania podľa NA ISBN. Poznámky. Stručné biografické údaje o autorovi na zadnej strane obálky publikácie. Zoznam obrázkov | ||
| 500 | |a Preložené z angličtiny | ||
| 504 | |a Bibliografia na strane 267. Bibliografické odkazy. Register | ||
| 546 | |a Čiastočný text v nemčine, poľštine a ruštine | ||
| 648 | 7 | |a 1940 |2 SNKPH |9 308835 | |
| 648 | 7 | |a 1939-1945 |2 SNKPH |9 281648 | |
| 650 | 0 | 7 | |a druhá svetová vojna (1939-1945) |2 SNKPH |9 169657 |
| 650 | 0 | 7 | |a katynský masaker (1940) |2 SNKPH |9 177960 |
| 650 | 0 | 7 | |a vojnové zločiny |2 SNKPH |9 4460 |
| 650 | 0 | 7 | |a vojnové obete |2 SNKPH |9 116047 |
| 650 | 0 | 7 | |a World War (1939-1945) |2 SNKPHeng |9 284172 |
| 650 | 0 | 7 | |a Katyn massacre (1940) |2 SNKPHeng |9 121889 |
| 650 | 0 | 7 | |a War crimes |2 SNKPHeng |9 359288 |
| 650 | 0 | 7 | |a War victims |2 SNKPHeng |9 355920 |
| 651 | 7 | |a Sovietsky zväz |2 SNKPHgeo |9 22126 | |
| 651 | 7 | |a Poľsko |2 SNKPHgeo |9 16755 | |
| 651 | 7 | |a Soviet Union |2 SNKPHeng |9 277091 | |
| 651 | 7 | |a Poland |2 SNKPHeng |9 265193 | |
| 655 | 7 | |a literatúra faktu |2 SNKPH |9 70526 | |
| 655 | 7 | |a Non fiction |2 SNKPHeng |9 284535 | |
| 700 | 1 | |a Smolinský, Martin |4 trl |9 218966 | |
| 852 | |a Slovenská národná knižnica | ||
| 919 | |a 978-80-8223-061-4 | ||
| 954 | |a odborná, vedecká literatúra cudzojazyčná (svetová) |2 lita | ||
| 958 | |a OP | ||
| 958 | |a NB | ||
| 968 | |b ENG | ||
| 999 | |c 784359 |d 786289 | ||
| 952 | |a SNK |b SNK |y PREZ |7 0 |p 17A1471890 |o snkSC 196591 |i snk2022/4054 |8 0 |0 0 |1 0 |4 0 |d 2022-03-16 |l 0 |r 2025-10-16 00:00:00 |w 2026-02-24 | ||
| 952 | |a SNK |b SNK |y VYP |7 0 |p 17A1471891 |o snkSC 196591 D1 |i snk2022/4055 |8 0 |0 0 |1 0 |4 0 |d 2022-03-16 |l 0 |r 2026-02-24 01:15:41 |w 2026-02-24 | ||


